[Event "Turkey Cup 2020"]
[Site "Antalya-Belek"]
[Date "2020.01.31"]
[Round "9.24"]
[White "Kirilmaz, Emre"]
[Black "Yarar, Muammer Atakan"]
[Result "1-0"]
[WhiteElo "2068"]
[BlackElo "1812"]
[Annotator "NA RC"]
[PlyCount "137"]
[EventDate "2020.01.26"]
[EventType "swiss"]
[EventCountry "TUR"]
[SourceTitle "playchess.com"]
[Source "ChessBase"]
[SourceQuality "1"]

1. d4 d5 2. Nf3 Nf6 3. Bg5 Nbd7 4. e3 e6 5. Nbd2 h6 6. Bh4 c5 7. c3 Qb6 8. Rb1 Bd6 9. Bd3 a6 10. O-O Qc7 11. Rc1 cxd4 12. cxd4 Qb8 13. Qe2 O-O 14. e4 dxe4 15. Nxe4 Nd5 16. Nxd6 Qxd6 17. Bg3 Qe7 18. Bb1 N7f6 19. Ne5 Bd7 20. Nxd7 Qxd7 21. Rc5 Rfc8 22. Rfc1 Rxc5 23. dxc5 Rc8 24. a3 Qa4 25. Rc4 Qb5 26. Qc2 Qa5 27. h3 Qb5 28. b4 Qd7 29. Be5 a5 30. Rg4 g6 31. Rd4 Qe8 32. Qd2 Kh7 33. Rh4 Ng8 34. Bb2 Qe7 35. Rc4 axb4 36. axb4 Rd8 37. Qe2 Qg5 38. Qe5 Qxe5 39. Bxe5 Nge7 40. Be4 Nc6 41. Bd6 Ndxb4 42. f4 Kg7 43. g4 Nd5 44. Ra4 Nc3 45. Bxc6 Nxa4 46. Bxa4 Ra8 47. Bb5 Ra2 48. Bf1 Rd2 49. Bb8 Rc2 50. Ba7 Kf6 51. Bg2 Rb2 52. Bb6 Rb1+ 53. Kh2 Rb2 54. c6 Rxg2+ 55. Kxg2 bxc6 56. Bd8+ Kg7 57. Kf3 f6 58. Ke4 Kf7 59. Kd4 g5 60. f5 h5 61. Kc5 exf5 62. gxf5 g4 63. hxg4 hxg4 64. Kxc6 g3 65. Kd7 g2 66. Bb6 Kg8 67. Ke8 Kg7 68. Ke7 Kg8 69. Kxf6 1-0

[Event "Turkey Cup 2020"]
[Site "Antalya-Belek"]
[Date "2020.01.31"]
[Round "9.25"]
[White "Kucuk, Dogan"]
[Black "Temel, Burcu Melis"]
[Result "1-0"]
[WhiteElo "2005"]
[BlackElo "1752"]
[Annotator "NA RC"]
[PlyCount "45"]
[EventDate "2020.01.26"]
[EventType "swiss"]
[EventCountry "TUR"]
[SourceTitle "playchess.com"]
[Source "ChessBase"]
[SourceQuality "1"]

1. d4 g6 2. Nf3 Bg7 3. e4 d6 4. Nc3 Nd7 5. Bc4 e6 6. O-O Ne7 7. Re1 O-O 8. Be3 Nb6 9. Bb3 d5 10. Bg5 f6 11. Bc1 c6 12. a4 a5 13. Qe2 Kh8 14. h4 e5 15. h5 Bg4 16. h6 exd4 17. hxg7+ Kxg7 18. Nxd4 Bxe2 19. Ne6+ Kh8 20. Nxd8 Raxd8 21. exd5 Nexd5 22. Nxd5 Nxd5 23. Rxe2 1-0

[Event "Turkey Cup 2020"]
[Site "Antalya-Belek"]
[Date "2020.01.31"]
[Round "9.26"]
[White "Mecit, Emre"]
[Black "Isik, Can"]
[Result "1-0"]
[WhiteElo "2019"]
[BlackElo "1710"]
[Annotator "NA RC"]
[PlyCount "141"]
[EventDate "2020.01.26"]
[EventType "swiss"]
[EventCountry "TUR"]
[SourceTitle "playchess.com"]
[Source "ChessBase"]
[SourceQuality "1"]

1. Nf3 d5 2. g3 Nf6 3. Bg2 g6 4. O-O Bg7 5. c4 c6 6. d4 O-O 7. Nc3 dxc4 8. a4 Na6 9. Ne5 Be6 10. e4 Nd7 11. Nf3 h6 12. Qe2 Nb4 13. Rd1 Qa5 14. h3 Rad8 15. Bd2 Qa6 16. Be3 Nb6 17. a5 Nc8 18. Ne1 Nd6 19. Qd2 Kh7 20. Na4 Qb5 21. Nc3 Qa6 22. Nb1 Nd3 23. Nxd3 cxd3 24. Na3 Nc4 25. Qxd3 Nxb2 26. Qxa6 bxa6 27. Rd2 Nc4 28. Nxc4 Bxc4 29. Rc1 Bb5 30. e5 f6 31. Bxc6 Bxc6 32. Rxc6 fxe5 33. d5 Rf6 34. Rc7 Rfd6 35. Bxa7 Rxd5 36. Rxd5 Rxd5 37. Bb6 Bf6 38. Ra7 Kg7 39. Rxa6 e4 40. Ra7 Kf7 41. Ra8 Bd4 42. Ra7 Bxb6 43. axb6 Rb5 44. b7 h5 45. h4 Ke6 46. Kf1 Rb2 47. Ke1 Kf5 48. Kd1 Kg4 49. Kc1 Rb6 50. Kc2 e5 51. Kd2 Kf3 52. b8=Q Rxb8 53. Rf7+ Kg2 54. Ke3 Rb2 55. Rf6 Ra2 56. Rxg6 Rxf2 57. Kxe4 Re2+ 58. Kd3 Ra2 59. Rg5 Ra3+ 60. Ke4 Rxg3 61. Kxe5 Rxg5+ 62. hxg5 h4 63. g6 h3 64. g7 h2 65. g8=Q+ Kh1 66. Qd5+ Kg1 67. Qd1+ Kg2 68. Qe2+ Kg1 69. Kf4 h1=Q 70. Kg3 Qf3+ 71. Kxf3 1-0

[Event "Turkey Cup 2020"]
[Site "Antalya-Belek"]
[Date "2020.01.31"]
[Round "9.27"]
[White "Canbulan, Arda"]
[Black "Soylu, Suat"]
[Result "0-1"]
[WhiteElo "1840"]
[BlackElo "2329"]
[Annotator "TA"]
[PlyCount "40"]
[EventDate "2020.01.26"]
[EventType "swiss"]
[EventCountry "TUR"]
[SourceTitle "playchess.com"]
[Source "ChessBase"]
[SourceQuality "1"]

1. e4 c5 2. Nf3 d6 3. d4 cxd4 4. Nxd4 Nf6 5. Nc3 Nc6 6. Bg5 e6 7. Be2 Be7 8. Qd2 a6 9. O-O Nxd4 10. Qxd4 h6 11. Be3 O-O 12. f4 Qc7 13. Qd2 b5 14. a3 Bb7 15. Bf3 Rac8 16. g4 Nd7 17. Qg2 Nb6 18. Ne2 Nc4 19. Bc1 Qc5+ 20. Kh1 e5 0-1

[Event "Turkey Cup 2020"]
[Site "Antalya-Belek"]
[Date "2020.01.31"]
[Round "9.28"]
[White "Cam, Vedat"]
[Black "Dolgun, Can"]
[Result "0-1"]
[WhiteElo "1879"]
[BlackElo "2266"]
[Annotator "TA"]
[PlyCount "96"]
[EventDate "2020.01.26"]
[EventType "swiss"]
[EventCountry "TUR"]
[SourceTitle "playchess.com"]
[Source "ChessBase"]
[SourceQuality "1"]

1. d4 Nf6 2. Nf3 g6 3. Bf4 Bg7 4. Nc3 d5 5. e3 O-O 6. Bd3 c6 7. Qd2 Nbd7 8. h4 h5 9. Ne2 Ng4 10. c3 e5 11. Nxe5 Ngxe5 12. dxe5 Nxe5 13. Bxe5 Bxe5 14. Qc2 Bg7 15. O-O-O Qf6 16. Rdf1 c5 17. Qd2 Be6 18. Kb1 Rfd8 19. f3 Qe7 20. Nc1 Bh6 21. Qf2 d4 22. cxd4 Bxe3 23. Qe2 Rxd4 24. Re1 Bxc1 25. Kxc1 Rxh4 26. Rhg1 Qg5+ 27. Kb1 Rd4 28. Ka1 Bxa2 29. g4 h4 30. f4 Qd8 31. Kxa2 Rxd3 32. g5 Qd5+ 33. Ka1 Rd8 34. Qg4 Qd7 35. Qxh4 Qa4+ 36. Kb1 Rd1+ 37. Rxd1 Rxd1+ 38. Rxd1 Qxd1+ 39. Ka2 b5 40. Qf2 Qd5+ 41. Kb1 a5 42. Qe3 c4 43. Kc1 b4 44. Kc2 a4 45. Qe8+ Kg7 46. Qxa4 Qd3+ 47. Kc1 b3 48. Qxc4 Qxc4+ 0-1

[Event "Turkey Cup 2020"]
[Site "Antalya-Belek"]
[Date "2020.01.31"]
[Round "9.29"]
[White "Gunay, Mehmet Eren"]
[Black "Oney, Adil Feridun"]
[Result "0-1"]
[WhiteElo "1803"]
[BlackElo "2041"]
[Annotator "NA RC"]
[PlyCount "35"]
[EventDate "2020.01.26"]
[EventType "swiss"]
[EventCountry "TUR"]
[SourceTitle "playchess.com"]
[Source "ChessBase"]
[SourceQuality "1"]

1. d4 Nf6 2. Nf3 e6 3. Bf4 b6 4. e3 Bb7 5. Bd3 c5 6. c3 Be7 7. Nbd2 O-O 8. h3 d6 9. Qe2 cxd4 10. exd4 Nbd7 11. O-O Re8 12. Rfe1 Bf8 13. Bh2 g6 14. Rad1 a6 15. Ne4 Nxe4 16. Bxe4 Bxe4 17. Qxe4 Nf6 18. Bf4 0-1

[Event "Turkey Cup 2020"]
[Site "Antalya-Belek"]
[Date "2020.01.31"]
[Round "9.30"]
[White "Ozsoy, Alimert"]
[Black "Tum, Hakan"]
[Result "1-0"]
[WhiteElo "2211"]
[BlackElo "1852"]
[Annotator "TA"]
[PlyCount "87"]
[EventDate "2020.01.26"]
[EventType "swiss"]
[EventCountry "TUR"]
[SourceTitle "playchess.com"]
[Source "ChessBase"]
[SourceQuality "1"]

1. e4 e6 2. d4 d5 3. Nd2 Nf6 4. e5 Nfd7 5. f4 c5 6. c3 Nc6 7. Ndf3 Be7 8. g3 O-O 9. Kf2 Qb6 10. Kg2 cxd4 11. cxd4 f6 12. Bd3 fxe5 13. fxe5 Kh8 14. Bb1 g5 15. Qd3 Rf7 16. h3 Nf8 17. Ne2 Bd7 18. Qe3 Rg7 19. Qb3 Qxb3 20. axb3 Nb4 21. Bd2 a6 22. g4 Rc8 23. Rc1 Rxc1 24. Nxc1 Bb5 25. Bxb4 Bxb4 26. Bd3 Be8 27. Ne2 h5 28. Rc1 hxg4 29. hxg4 Bg6 30. Bxg6 Rxg6 31. Ng3 Ba5 32. Rc8 Kg8 33. Nh5 Kf7 34. Rb8 b6 35. Rb7+ Ke8 36. Nf6+ Kd8 37. Rb8+ Ke7 38. Ra8 b5 39. Rxa6 Bc7 40. b4 Nd7 41. Nxd5+ Kd8 42. Ra8+ Nb8 43. Nc3 Rg7 44. Nxb5 1-0

[Event "Turkey Cup 2020"]
[Site "Antalya-Belek"]
[Date "2020.01.31"]
[Round "9.32"]
[White "Can, Melih Kaan"]
[Black "Kazik, Oguz Kagan"]
[Result "1-0"]
[WhiteElo "2138"]
[BlackElo "1888"]
[Annotator "TA"]
[PlyCount "81"]
[EventDate "2020.01.26"]
[EventType "swiss"]
[EventCountry "TUR"]
[SourceTitle "playchess.com"]
[Source "ChessBase"]
[SourceQuality "1"]

1. c4 e5 2. Nc3 Nf6 3. Nf3 Nc6 4. g3 d5 5. cxd5 Nxd5 6. Bg2 Nb6 7. O-O Be7 8. d3 g5 9. a3 g4 10. Nd2 h5 11. b4 h4 12. Bb2 hxg3 13. hxg3 Qd6 14. Re1 Bf5 15. Rc1 Qd7 16. Nce4 O-O-O 17. Nc5 Bxc5 18. bxc5 Na8 19. Nc4 f6 20. Qa4 Qh7 21. Na5 Nxa5 22. Qxa5 Kb8 23. Rc4 Be6 24. Ra4 a6 25. Rb4 Bd5 26. e4 Bc6 27. Qxa6 Nb6 28. Qa5 Nc8 29. Rb3 Rd7 30. Rb1 Rxd3 31. Bc3 b6 32. cxb6 cxb6 33. Bxe5+ fxe5 34. Rxd3 Qe7 35. Qb4 Qh7 36. Rc3 Bb7 37. Qb5 Qh5 38. a4 Qh2+ 39. Kf1 Rf8 40. a5 Rf3 41. Qxe5+ 1-0

[Event "Turkey Cup 2020"]
[Site "Antalya-Belek"]
[Date "2020.01.31"]
[Round "9.33"]
[White "Erdogmus, Yagiz Kaan"]
[Black "Seyhanoglu, Deniz"]
[Result "1-0"]
[WhiteElo "1866"]
[BlackElo "2087"]
[Annotator "NA RC"]
[PlyCount "53"]
[EventDate "2020.01.26"]
[EventType "swiss"]
[EventCountry "TUR"]
[SourceTitle "playchess.com"]
[Source "ChessBase"]
[SourceQuality "1"]

1. e4 c5 2. Nf3 e6 3. g3 Nc6 4. Bg2 Nf6 5. Qe2 e5 6. O-O Be7 7. d3 O-O 8. c3 Re8 9. Nbd2 Bf8 10. Nc4 h6 11. a4 b6 12. Ne3 d6 13. Nd2 Bb7 14. f4 exf4 15. gxf4 d5 16. e5 d4 17. Nec4 Qd7 18. Qf2 Ng4 19. Qg3 Ne3 20. Nxe3 dxe3 21. Ne4 Kh8 22. Bxe3 Rad8 23. Rad1 Na5 24. f5 Qxa4 25. f6 g6 26. Bxh6 Rxe5 27. Bg7+ 1-0

[Event "Turkey Cup 2020"]
[Site "Antalya-Belek"]
[Date "2020.01.31"]
[Round "9.34"]
[White "Usun, Tolga"]
[Black "Kalemler, Kaan"]
[Result "0-1"]
[WhiteElo "2021"]
[BlackElo "1841"]
[Annotator "NA RC"]
[PlyCount "104"]
[EventDate "2020.01.26"]
[EventType "swiss"]
[EventCountry "TUR"]
[SourceTitle "playchess.com"]
[Source "ChessBase"]
[SourceQuality "1"]

1. e4 c5 2. Nf3 d6 3. d4 cxd4 4. Nxd4 Nf6 5. Nc3 a6 6. h3 e5 7. Nde2 b5 8. g4 Bb7 9. Bg2 b4 10. Nd5 Nxd5 11. exd5 Nd7 12. Bd2 h5 13. Bxb4 hxg4 14. hxg4 Rxh1+ 15. Bxh1 Qh4 16. Ng3 Nf6 17. Bf3 Bc8 18. Qe2 Nxg4 19. Bc3 Nh2 20. Bg2 g6 21. O-O-O Bg4 22. Qe4 Bh6+ 23. Kb1 Ke7 24. Rh1 Bf4 25. Qe1 Rh8 26. Qg1 Bxg3 27. fxg3 Qxg3 28. Be1 Qf4 29. Bf2 Bf3 30. Be3 Qg3 31. Rxh2 Rxh2 32. Bxf3 Qxg1+ 33. Bxg1 Rh3 34. Be2 Rh1 35. b4 Rxg1+ 36. Kb2 e4 37. a4 Kd7 38. a5 Kc7 39. Bxa6 e3 40. Kc3 Rd1 41. Bd3 f5 42. b5 f4 43. b6+ Kb7 44. Bb5 Rxd5 45. Kb4 Rxb5+ 46. Kxb5 e2 47. a6+ Kb8 48. Kc6 e1=Q 49. c4 Qe4+ 50. Kb5 Qe8+ 51. Kb4 Qc6 52. Ka5 Qc5+ 0-1

[Event "Turkey Cup 2020"]
[Site "Antalya-Belek"]
[Date "2020.01.31"]
[Round "9.35"]
[White "Sahin, Handenur"]
[Black "Bayik, Hasan"]
[Result "1-0"]
[WhiteElo "2024"]
[BlackElo "1822"]
[Annotator "NA RC"]
[PlyCount "133"]
[EventDate "2020.01.26"]
[EventType "swiss"]
[EventCountry "TUR"]
[SourceTitle "playchess.com"]
[Source "ChessBase"]
[SourceQuality "1"]

1. e4 c6 2. Nc3 d5 3. Nf3 dxe4 4. Nxe4 Nf6 5. Nxf6+ exf6 6. Bc4 Bd6 7. O-O O-O 8. h3 b5 9. Be2 Bb7 10. d4 a6 11. a4 Nd7 12. Be3 Nb6 13. Qd2 Nd5 14. c4 Nxe3 15. fxe3 bxc4 16. Bxc4 Re8 17. Qd3 Qe7 18. Ng5 g6 19. Bxf7+ Kg7 20. Bxe8 Rxe8 21. Nf3 Qxe3+ 22. Qxe3 Rxe3 23. Rfe1 Rb3 24. Nd2 Rb4 25. Ne4 Bf8 26. Nc5 Bc8 27. Ne6+ Bxe6 28. Rxe6 Rxd4 29. Rxc6 a5 30. Rc2 g5 31. Kf2 h5 32. Ke3 Rb4 33. Kd3 Bd6 34. Re1 Rxa4 35. Re4 Ra1 36. Kc4 Rf1 37. Kd5 Bb4 38. Ke6 Rd1 39. Rc7+ Kg6 40. Rd7 Rxd7 41. Kxd7 Kf5 42. Rc4 g4 43. Kc6 gxh3 44. gxh3 Kg5 45. Kd5 Kf5 46. b3 Be1 47. Rc1 Bb4 48. Rf1+ Kg5 49. Ke4 Kh4 50. Rf3 Ba3 51. Rf5 Bb4 52. Kf3 Bc3 53. Kg2 Be5 54. Rf2 Kg5 55. Rc2 Bd6 56. Rc4 Bb4 57. Kf3 h4 58. Rg4+ Kh5 59. Kf4 Bc3 60. Kf5 Be5 61. Rg8 Kh6 62. Rh8+ Kg7 63. Rxh4 Bc3 64. Rg4+ Kh6 65. Rh4+ Kg7 66. Rc4 Be5 67. Rc5 1-0

[Event "Turkey Cup 2020"]
[Site "Antalya-Belek"]
[Date "2020.01.31"]
[Round "9.36"]
[White "Buke, Furkan"]
[Black "Eren, Alper"]
[Result "1/2-1/2"]
[WhiteElo "2041"]
[BlackElo "1846"]
[Annotator "NA RC"]
[PlyCount "71"]
[EventDate "2020.01.26"]
[EventType "swiss"]
[EventCountry "TUR"]
[SourceTitle "playchess.com"]
[Source "ChessBase"]
[SourceQuality "1"]

1. e4 c5 2. Nf3 e6 3. d4 cxd4 4. Nxd4 a6 5. Nc3 d6 6. g3 Ne7 7. Bg2 Nec6 8. Nb3 Be7 9. O-O O-O 10. a4 b6 11. f4 Bb7 12. Be3 Nd7 13. Qe2 Qc7 14. Qf2 Rac8 15. Rad1 Nb4 16. Rd2 d5 17. e5 Nc5 18. Bd4 Nxb3 19. cxb3 Bc5 20. Ne2 a5 21. Rfd1 Ba6 22. Nc3 Bxd4 23. Rxd4 Qc5 24. h4 Nc6 25. R4d2 Ne7 26. Bh3 g6 27. h5 Qxf2+ 28. Kxf2 Rc5 29. Rh1 Rfc8 30. Bg4 R8c7 31. h6 Rc8 32. Rhd1 Rxc3 33. bxc3 Rxc3 34. Be2 Bxe2 35. Rxe2 Nf5 36. g4 1/2-1/2

[Event "Turkey Cup 2020"]
[Site "Antalya-Belek"]
[Date "2020.01.31"]
[Round "9.37"]
[White "Selvi, Kaan"]
[Black "Makaraci, Tunahan"]
[Result "0-1"]
[WhiteElo "1907"]
[BlackElo "2029"]
[Annotator "NA RC"]
[PlyCount "106"]
[EventDate "2020.01.26"]
[EventType "swiss"]
[EventCountry "TUR"]
[SourceTitle "playchess.com"]
[Source "ChessBase"]
[SourceQuality "1"]

1. e4 c5 2. Nf3 d6 3. Bb5+ Nc6 4. d4 cxd4 5. Qxd4 Bd7 6. Bxc6 Bxc6 7. Nc3 Nf6 8. Bg5 e6 9. Qd3 Be7 10. Nd4 O-O 11. O-O-O Qa5 12. f4 Rfd8 13. g4 Rac8 14. h4 Qc7 15. Rhg1 a6 16. h5 b5 17. a3 Bb7 18. Bxf6 Bxf6 19. g5 Bxd4 20. Qxd4 a5 21. Rd2 e5 22. Qd3 b4 23. Nb5 Qc5 24. Rgd1 bxa3 25. Nxa3 exf4 26. g6 Qb4 27. gxf7+ Kxf7 28. Rf2 Kg8 29. Rxf4 h6 30. Qd4 Rc5 31. Rh4 Bc6 32. e5 Qxd4 33. Rdxd4 Rxe5 34. Nc4 Rg5 35. Rxd6 Rxd6 36. Nxd6 Bf3 37. Kd2 Bxh5 38. Ke3 Rd5 39. c4 Rxd6 40. Rxh5 g5 41. c5 Rc6 42. Kd4 Kg7 43. Kd5 Rc8 44. c6 Kg6 45. Rh1 h5 46. Ra1 g4 47. Rxa5 g3 48. b4 h4 49. b5 g2 50. Ra1 h3 51. Rg1 Kf5 52. b6 h2 53. b7 Rd8+ 0-1

[Event "Turkey Cup 2020"]
[Site "Antalya-Belek"]
[Date "2020.01.31"]
[Round "9.39"]
[White "Ozcan, Ilker"]
[Black "Okus, Melih"]
[Result "1-0"]
[WhiteElo "1858"]
[BlackElo "1933"]
[Annotator "NA RC"]
[PlyCount "93"]
[EventDate "2020.01.26"]
[EventType "swiss"]
[EventCountry "TUR"]
[SourceTitle "playchess.com"]
[Source "ChessBase"]
[SourceQuality "1"]

1. e4 c6 2. c4 d5 3. exd5 cxd5 4. cxd5 Qxd5 5. Nc3 Qd8 6. d4 Nf6 7. Nf3 e6 8. Bd3 Be7 9. O-O O-O 10. Ne5 Nbd7 11. Re1 Re8 12. Bg5 Nf8 13. Rc1 a6 14. Bb1 Bd7 15. Qf3 Qb6 16. Ne4 Bc6 17. Nxc6 bxc6 18. Nxf6+ Bxf6 19. Bxf6 gxf6 20. Qxf6 Qxb2 21. h4 Rad8 22. Rcd1 Rd5 23. Be4 Ra5 24. Re3 Qb7 25. Rg3+ Ng6 26. Qf3 Kf8 27. Bxc6 Nxh4 28. Rg8+ Kxg8 29. Qg3+ Ng6 30. Bxb7 Rxa2 31. d5 exd5 32. Bxd5 Rae2 33. Bc4 Re1+ 34. Rxe1 Rxe1+ 35. Kh2 a5 36. Qc7 Re7 37. Qxa5 Kg7 38. Qc3+ Kg8 39. Qf6 Ra7 40. Qd8+ Nf8 41. Qg5+ Ng6 42. f4 Ra4 43. Bd3 Rd4 44. Bc2 Rc4 45. Bd3 Rd4 46. Qg3 Kf8 47. Qe3 1-0

[Event "Turkey Cup 2020"]
[Site "Antalya-Belek"]
[Date "2020.01.31"]
[Round "9.41"]
[White "Zekeriyaoglu, Ersen"]
[Black "Erdogan, Atakan"]
[Result "0-1"]
[WhiteElo "1799"]
[BlackElo "1901"]
[Annotator "NA RC"]
[PlyCount "156"]
[EventDate "2020.01.26"]
[EventType "swiss"]
[EventCountry "TUR"]
[SourceTitle "playchess.com"]
[Source "ChessBase"]
[SourceQuality "1"]

1. e4 c5 2. c3 Nf6 3. e5 Nd5 4. d4 cxd4 5. cxd4 d6 6. Nf3 e6 7. Be2 Nc6 8. O-O Be7 9. exd6 Qxd6 10. Nc3 O-O 11. Be3 a6 12. Qd2 b5 13. Rfc1 Bb7 14. Ne4 Qd7 15. Nc5 Bxc5 16. dxc5 f6 17. a4 b4 18. Bc4 Rfd8 19. Rd1 Qf7 20. Qe2 Qh5 21. Bc1 Re8 22. Nd4 Qxe2 23. Nxe2 Na5 24. Bxd5 Bxd5 25. Bd2 Nb3 26. Bxb4 Nxa1 27. Rxa1 Rab8 28. Ba3 e5 29. b4 Bc6 30. Nc3 Red8 31. Kf1 Rd3 32. Rc1 Kf7 33. Ke2 e4 34. f3 f5 35. fxe4 fxe4 36. Rc2 Ke6 37. Rc1 g5 38. Ke1 h5 39. Rc2 g4 40. g3 Rf3 41. Rc1 Ke5 42. b5 axb5 43. axb5 Bxb5 44. Nxb5 Rxb5 45. c6 Rxa3 46. c7 Ra8 47. c8=Q Rxc8 48. Rxc8 Kd4 49. Rc2 Rb1+ 50. Ke2 Rh1 51. Rd2+ Ke5 52. Ke3 Re1+ 53. Kf2 Ra1 54. Ke3 Ra3+ 55. Ke2 h4 56. gxh4 Rh3 57. Kf1 Rxh4 58. Ra2 Rh3 59. Ra5+ Kf4 60. Kg2 Rd3 61. Ra2 e3 62. Ra4+ Kf5 63. Ra5+ Ke4 64. Ra4+ Rd4 65. Ra8 Kd3 66. Ra3+ Ke2 67. Ra2+ Ke1 68. Ra1+ Kd2 69. Ra2+ Ke1 70. Ra1+ Rd1 71. Ra4 e2 72. Rxg4 Rd5 73. Ra4 Rg5+ 74. Kf3 Kf1 75. Ra1+ e1=Q 76. Rxe1+ Kxe1 77. h4 Rg1 78. h5 Rg5 0-1

[Event "Turkey Cup 2020"]
[Site "Antalya-Belek"]
[Date "2020.01.31"]
[Round "9.42"]
[White "Demirbas, Emre"]
[Black "Aslanhan, Halis"]
[Result "0-1"]
[WhiteElo "1944"]
[BlackElo "1774"]
[Annotator "NA RC"]
[PlyCount "94"]
[EventDate "2020.01.26"]
[EventType "swiss"]
[EventCountry "TUR"]
[SourceTitle "playchess.com"]
[Source "ChessBase"]
[SourceQuality "1"]

1. Nf3 Nf6 2. c4 g6 3. b3 Bg7 4. Bb2 d6 5. d4 O-O 6. g3 c6 7. Nc3 Qc7 8. Bg2 Nbd7 9. O-O e5 10. e4 Ne8 11. dxe5 dxe5 12. Ba3 c5 13. Nd5 Qb8 14. Bh3 Qd6 15. Qc2 Nb6 16. Bg2 Nxd5 17. cxd5 b6 18. Nd2 Bb7 19. Nc4 Qe7 20. Bb2 Nd6 21. Rae1 Nb5 22. f4 f6 23. Rc1 Ba6 24. a4 Nd4 25. Bxd4 cxd4 26. Qd2 Qd7 27. f5 Rac8 28. Bh3 g5 29. Qa2 Bxc4 30. Rxc4 Rxc4 31. bxc4 Qd6 32. Rb1 Rc8 33. a5 bxa5 34. Qxa5 Rxc4 35. Qxa7 Rc7 36. Qb8+ Bf8 37. Bf1 Qc5 38. Rb5 Qc1 39. Rb3 Kg7 40. Qd8 Be7 41. Qe8 d3 42. Rxd3 Bc5+ 43. Kg2 Qe1 44. d6 Qf2+ 45. Kh3 Qxf1+ 46. Kg4 Bxd6 47. Rxd6 h5+ 0-1

[Event "Turkey Cup 2020"]
[Site "Antalya-Belek"]
[Date "2020.01.31"]
[Round "9.43"]
[White "Duran, Esma Doga"]
[Black "Caliskan, Seha"]
[Result "1/2-1/2"]
[WhiteElo "1877"]
[BlackElo "1673"]
[Annotator "NA RC"]
[PlyCount "74"]
[EventDate "2020.01.26"]
[EventType "swiss"]
[EventCountry "TUR"]
[SourceTitle "playchess.com"]
[Source "ChessBase"]
[SourceQuality "1"]

1. Nf3 Nf6 2. g3 e6 3. Bg2 d5 4. d4 b5 5. O-O Bb7 6. b3 Nbd7 7. Bb2 Be7 8. Nbd2 b4 9. c4 bxc3 10. Bxc3 c5 11. dxc5 Bxc5 12. b4 Be7 13. Nb3 Rc8 14. Rc1 O-O 15. a3 Qb6 16. Bd4 Qa6 17. Na5 Ba8 18. Qd3 Qxd3 19. exd3 a6 20. Be5 Nxe5 21. Nxe5 Bd6 22. Nac6 Rc7 23. a4 Rfc8 24. b5 Kf8 25. Rb1 Bxe5 26. Nxe5 Bb7 27. bxa6 Bxa6 28. Rb6 Ra8 29. Rfb1 Nd7 30. Nxd7+ Rxd7 31. Bf1 Ke7 32. R1b4 Rd6 33. a5 Bc8 34. Rb8 Rda6 35. Rxa8 Rxa8 36. Ra4 Bd7 37. Ra3 Bb5 1/2-1/2

[Event "Turkey Cup 2020"]
[Site "Antalya-Belek"]
[Date "2020.01.31"]
[Round "9.44"]
[White "Iren, Muhammet Kaan"]
[Black "Caner, Resul"]
[Result "1-0"]
[WhiteElo "1698"]
[BlackElo "1932"]
[Annotator "NA RC"]
[PlyCount "119"]
[EventDate "2020.01.26"]
[EventType "swiss"]
[EventCountry "TUR"]
[SourceTitle "playchess.com"]
[Source "ChessBase"]
[SourceQuality "1"]

1. d4 d5 2. c4 c6 3. Nf3 e6 4. Nc3 dxc4 5. a4 Bb4 6. e3 b5 7. Bd2 a5 8. axb5 Bxc3 9. Bxc3 cxb5 10. b3 Bb7 11. bxc4 b4 12. Bd2 Nf6 13. Bd3 O-O 14. g4 Ne4 15. Rg1 f5 16. gxf5 exf5 17. d5 Nd7 18. Nd4 Ndc5 19. Bc2 Qf6 20. Bc1 f4 21. Qh5 fxe3 22. Bxe3 a4 23. Rg4 Rae8 24. O-O-O Re5 25. Qh6 Kh8 26. Qxf6 Nxf6 27. Rf4 b3 28. Nf3 Rxe3 29. fxe3 bxc2 30. Kxc2 Re8 31. Re1 Ba6 32. Nd2 Kg8 33. e4 Ncd7 34. Kc3 Bb7 35. Kd4 Nb6 36. Rb1 Nbxd5 37. cxd5 Ba8 38. Ra1 Nh5 39. Rf5 g6 40. Rf3 Rd8 41. Rxa4 Ng7 42. Rf6 Nh5 43. Rfa6 Bb7 44. Rb6 Ba8 45. Ra7 Nf4 46. Ra5 Ne2+ 47. Kd3 Nf4+ 48. Kd4 g5 49. Nf3 g4 50. Ne5 h5 51. Rf6 Ne2+ 52. Kd3 Nc1+ 53. Ke3 Rc8 54. Nc6 Kg7 55. Rd6 Rf8 56. Rd7+ Kg6 57. Nd4 Nb3 58. Nxb3 h4 59. Nd4 g3 60. Ra6+ 1-0

[Event "Turkey Cup 2020"]
[Site "Antalya-Belek"]
[Date "2020.01.31"]
[Round "9.45"]
[White "Danaci, Ege"]
[Black "Var, Sefa"]
[Result "1-0"]
[WhiteElo "1974"]
[BlackElo "1739"]
[Annotator "NA RC"]
[PlyCount "87"]
[EventDate "2020.01.26"]
[EventType "swiss"]
[EventCountry "TUR"]
[SourceTitle "playchess.com"]
[Source "ChessBase"]
[SourceQuality "1"]

1. e4 c5 2. Nc3 Nc6 3. Bb5 Nd4 4. Bc4 g6 5. Nf3 Bg7 6. Nxd4 cxd4 7. Qf3 Nh6 8. Ne2 O-O 9. d3 Qb6 10. O-O d5 11. exd5 Bg4 12. Qe4 f5 13. Qxe7 Rae8 14. Qh4 Bxe2 15. Bxh6 Bxf1 16. d6+ Kh8 17. d7 Rd8 18. Bxg7+ Kxg7 19. Qe7+ Kh8 20. Rxf1 Qc6 21. Be6 b6 22. b4 a5 23. a3 Qc7 24. h4 axb4 25. axb4 Qe5 26. f4 Qf6 27. Qd6 Qxh4 28. Qxd4+ Qf6 29. Qxb6 Rxd7 30. Qc6 Re7 31. Bd5 Qd4+ 32. Kh2 Rfe8 33. c3 Qg7 34. b5 g5 35. b6 g4 36. b7 g3+ 37. Kg1 Qf8 38. Qb6 h5 39. Qg6 Rh7 40. Rb1 Rb8 41. d4 h4 42. c4 h3 43. gxh3 Re8 44. Qxe8 1-0

[Event "Turkey Cup 2020"]
[Site "Antalya-Belek"]
[Date "2020.01.31"]
[Round "9.46"]
[White "Ozturk, Oguzhan"]
[Black "Subasi, Cagrican"]
[Result "1/2-1/2"]
[WhiteElo "1630"]
[BlackElo "1861"]
[Annotator "NA RC"]
[PlyCount "69"]
[EventDate "2020.01.26"]
[EventType "swiss"]
[EventCountry "TUR"]
[SourceTitle "playchess.com"]
[Source "ChessBase"]
[SourceQuality "1"]

1. d4 d5 2. c4 e6 3. Nc3 Nf6 4. cxd5 exd5 5. Bg5 c6 6. e3 Be7 7. Bd3 Nbd7 8. Qc2 O-O 9. Nf3 Re8 10. O-O Nf8 11. a3 g6 12. Bh4 Ne6 13. b4 a6 14. Na4 Ng7 15. Nc5 Ra7 16. Bg5 Bf5 17. a4 Bxd3 18. Qxd3 Ne4 19. Bxe7 Qxe7 20. Rfb1 a5 21. Nd2 axb4 22. Ncxe4 dxe4 23. Qc4 Rea8 24. Qxb4 Qxb4 25. Rxb4 b5 26. Nxe4 Rxa4 27. Rbxa4 Rxa4 28. Rc1 Ne6 29. Kf1 f5 30. Nc5 Nxc5 31. Rxc5 Ra6 32. d5 cxd5 33. Rxb5 Rd6 34. Rb7 d4 35. exd4 1/2-1/2

[Event "Turkey Cup 2020"]
[Site "Antalya-Belek"]
[Date "2020.01.31"]
[Round "9.47"]
[White "Koc, Aylin"]
[Black "Demir, Bilal"]
[Result "1/2-1/2"]
[WhiteElo "1500"]
[BlackElo "1964"]
[Annotator "NA RC"]
[PlyCount "92"]
[EventDate "2020.01.26"]
[EventType "swiss"]
[EventCountry "TUR"]
[SourceTitle "playchess.com"]
[Source "ChessBase"]
[SourceQuality "1"]

1. e4 d6 2. d4 Nf6 3. Nc3 g6 4. Nf3 Bg7 5. Bc4 O-O 6. h3 c6 7. Be3 b5 8. Bd3 Qc7 9. Qd2 e5 10. Bh6 Re8 11. Bxg7 Kxg7 12. O-O Nbd7 13. Qg5 Nf8 14. dxe5 dxe5 15. Nh4 h6 16. Qe3 Ne6 17. Ne2 Nh5 18. Ng3 Nhf4 19. Nf3 a6 20. c3 c5 21. Rad1 Bb7 22. Bc2 Rad8 23. Kh2 f6 24. Ne2 Nxe2 25. Qxe2 Nf4 26. Qe3 Bc8 27. Ng1 c4 28. g3 Ne6 29. Ne2 Qc5 30. Qxc5 Nxc5 31. g4 Bb7 32. Ng3 Kf7 33. f3 Ke7 34. Rxd8 Rxd8 35. Rd1 Rxd1 36. Bxd1 Nd3 37. b4 Kd6 38. Ne2 Bc8 39. Kg3 f5 40. Kg2 fxe4 41. fxe4 Nf4+ 42. Kg3 Ne6 43. h4 Bb7 44. Kf3 g5 45. h5 Nf4 46. Bc2 Nxe2 1/2-1/2